American canopy : (Record no. 19078)

000 -LEADER
fixed length control field 01941cam a2200253 a 4500
020 ## - INTERNATIONAL STANDARD BOOK NUMBER
ISBN 9781439193549
020 ## - INTERNATIONAL STANDARD BOOK NUMBER
ISBN 1439193541
040 ## - CATALOGING SOURCE
Transcribing agency DLC
082 00 - DEWEY DECIMAL CLASSIFICATION NUMBER
Classification number 577 FOO 1992 C160 Or.
100 1# - MAIN ENTRY--AUTHOR NAME
Personal name Rutkow, Eric
245 10 - TITLE STATEMENT
Title American canopy :
Remainder of title trees, forests, and the making of a nation /
250 ## - EDITION STATEMENT
Edition statement First Scribner hardcover edition.
300 ## - PHYSICAL DESCRIPTION
Number of Pages vii, 406 pages, 16 unnumbered pages of plates :
Other physical details illustrations ;
Dimensions 25 cm.
520 ## - SUMMARY, ETC.
Summary, etc In the bestselling tradition of Michael Pollan's "Second Nature," this fascinating and unique historical work tells the remarkable story of the relationship between Americans and trees across the entire span of our nation's history.
520 ## - SUMMARY, ETC.
Summary, etc The history of trees in America is no less remarkable than the history of the United States itself--from the majestic white pines of New England, coveted by the British Crown for use as masts in navy warships, to the orange groves of California, which lured settlers west. In fact, without the country's vast forests and the hundreds of tree species they contained, there would have been no ships, docks, railroads, stockyards, wagons, barrels, furniture, newspapers, rifles, or firewood. No New York City, Miami, or Chicago. No Johnny Appleseed, Paul Bunyan, or Daniel Boone. America--if indeed it existed--would be a very different place without its millions of acres of trees. As Eric Rutkow's epic account shows, trees indivisible from the country's rise as both an empire and a civilization. Never before has anyone treated our country's trees and forests as the subject of a broad historical study, and the result is an accessible, informative, and thoroughly entertaining read.--From publisher description.
650 #0 - SUBJECT ADDED ENTRY--TOPICAL TERM
Topical Term Forests and forestry
650 #0 - SUBJECT ADDED ENTRY--TOPICAL TERM
Topical Term Forests and forestry
650 #0 - SUBJECT ADDED ENTRY--TOPICAL TERM
Topical Term Trees
650 #0 - SUBJECT ADDED ENTRY--TOPICAL TERM
Topical Term Trees
650 #0 - SUBJECT ADDED ENTRY--TOPICAL TERM
Topical Term Timber
650 #0 - SUBJECT ADDED ENTRY--TOPICAL TERM
Topical Term Human ecology
650 #0 - SUBJECT ADDED ENTRY--TOPICAL TERM
Topical Term National characteristics, American
942 ## - ADDED ENTRY ELEMENTS (KOHA)
Koha item type ADB
952 ## - LOCATION AND ITEM INFORMATION (KOHA)
Withdrawn status [LOCAL, KOHA] 0
Holdings
Koha item type Source of acquisition Lost status Permanent Location Current Location Date acquired Full call number
សៀវភៅភាសាអង់គ្លេសA39595 Library Block CLibrary Block C2020-03-06577 FOO 1992 C160 Or.
មជ្ឈមណ្ឌលឯការនៃសាកលវិទ្យាល័យភូមិន្ទកសិកម្មចំការដូង

Powered by Koha